Normal view MARC view
  • Mahmood,Hassan

Entry Personal Name

Number of records used in: 1

001 - CONTROL NUMBER

  • control field: 133238

003 - CONTROL NUMBER IDENTIFIER

  • control field: NUST

005 - DATE AND TIME OF LATEST TRANSACTION

  • control field: 20260216114831.0

008 - FIXED-LENGTH DATA ELEMENTS

  • fixed length control field: 260216|| aca||aabn | a|a d

040 ## - CATALOGING SOURCE

  • Original cataloging agency: NUST
  • Transcribing agency: NUST

100 ## - HEADING--PERSONAL NAME

  • Personal name: Mahmood,Hassan

670 ## - SOURCE DATA FOUND

  • Source citation: Work cat.: (NUST)351203: Mahmood,Hassan, The Employee Strike at University of Health Sciences,Lahore Punjab., 2012.
© 2023 Central Library, National University of Sciences and Technology. All Rights Reserved.